Ras Shamra and the Bible (Record no. 5595)

MARC details
000 -LEADER
fixed length control field 00741nam a22002177a 4500
003 - CONTROL NUMBER IDENTIFIER
control field GBCCL
005 - DATE AND TIME OF LATEST TRANSACTION
control field 20241126110545.0
008 - FIXED-LENGTH DATA ELEMENTS--GENERAL INFORMATION
fixed length control field 180328b ||||| |||| 00| 0 eng d
040 ## - CATALOGING SOURCE
Transcribing agency GBC
082 ## - DEWEY DECIMAL CLASSIFICATION NUMBER
Classification number 220.93
Item number PFE
100 ## - MAIN ENTRY--PERSONAL NAME
Personal name Pfeiffer, Charles F
9 (RLIN) 4466
245 #2 - TITLE STATEMENT
Title Ras Shamra and the Bible
Statement of responsibility, etc. Charles F Pfeiffer
260 ## - PUBLICATION, DISTRIBUTION, ETC.
Name of publisher, distributor, etc. Back to the Bible
260 ## - PUBLICATION, DISTRIBUTION, ETC.
Place of publication, distribution, etc. Grand Rapids, Mich. :
Name of publisher, distributor, etc. Baker Book House, 1962, (1980 printing)
Date of publication, distribution, etc. 1962, (1980 printing)
300 ## - PHYSICAL DESCRIPTION
Extent 73 pages :
Other physical details illustrations, facsimiles, maps.
490 ## - SERIES STATEMENT
Series statement Baker studies in Biblical archaeology, 1.
650 ## - SUBJECT ADDED ENTRY--TOPICAL TERM
Topical term or geographic name entry element Bible.
Form subdivision Old Testament
General subdivision Antiquities.
9 (RLIN) 10108
650 ## - SUBJECT ADDED ENTRY--TOPICAL TERM
Topical term or geographic name entry element Ugarit (Extinct city)
9 (RLIN) 10109
650 ## - SUBJECT ADDED ENTRY--TOPICAL TERM
Topical term or geographic name entry element Bible.
Form subdivision Old Testament.
9 (RLIN) 6826
942 ## - ADDED ENTRY ELEMENTS (KOHA)
Source of classification or shelving scheme Dewey Decimal Classification
Koha item type Books
Holdings
Withdrawn status Lost status Source of classification or shelving scheme Damaged status Not for loan Home library Current Library Shelving location Date acquired Total checkouts Full call number Barcode Date last seen Copy number Price effective from Koha item type
    Dewey Decimal Classification     GRACE BIBLE COLLEGE GRACE BIBLE COLLEGE Biblical Studies 2018-03-28   220.93 PFE 009621 2025-05-01 c.1 2018-03-28 Books
© Grace Bible College Library 2025